Loading...
| Fine Arts - Classical Music | 5 | 14.00 | 100% | 20% | 20% |
| Fine Arts - Other Fine Arts | 4 | 10.00 | 100% | 0% | 0% |
| Geography | 1 | 20.00 | 100% | 100% | 0% |
| History - American History | 3 | 10.00 | 100% | 0% | 0% |
| History - European History | 2 | 15.00 | 100% | 50% | 0% |
| History - Other History | 2 | 10.00 | 100% | 0% | 0% |
| History - World History | 4 | 10.00 | 75% | 25% | 0% |
| Literature - American Literature | 4 | 15.00 | 75% | 50% | 25% |
| Literature - British Literature | 3 | 6.67 | 67% | 0% | 0% |
| Literature - European Literature | 3 | 16.67 | 100% | 67% | 0% |
| Literature - World Literature | 5 | 10.00 | 100% | 0% | 0% |
| Mythology | 5 | 16.00 | 80% | 60% | 20% |
| Painting/Sculpture | 6 | 13.33 | 100% | 33% | 0% |
| Philosophy | 2 | 10.00 | 100% | 0% | 0% |
| Pop Culture | 3 | 16.67 | 100% | 67% | 0% |
| Religion | 2 | 15.00 | 100% | 0% | 50% |
| Science - Biology | 3 | 13.33 | 100% | 33% | 0% |
| Science - Chemistry | 4 | 17.50 | 75% | 100% | 0% |
| Science - Other Science | 2 | 10.00 | 100% | 0% | 0% |
| Science - Physics | 4 | 15.00 | 100% | 50% | 0% |
| Social Science | 3 | 10.00 | 67% | 33% | 0% |